Guess the Fusion Rock Song Lyrics #186 - Statistics

General Stats
  • This quiz has been taken 12 times
  • The average score is 216 of 263
Answer Stats
Answer % Correct
and
100%
be
100%
I
100%
it
100%
love
100%
the
100%
The
100%
to
100%
with
100%
you
100%
again
91%
can
91%
don't
91%
how
91%
in
91%
Just
91%
like
91%
me
91%
Never
91%
never
91%
night
91%
No
91%
Of
91%
so
91%
At
82%
But
82%
Cause
82%
couldn't
82%
Eric Carmen
82%
fall
82%
feel
82%
gonna
82%
see
82%
stay
82%
wanna
82%
was
82%
we
82%
We
82%
From
73%
get
73%
here
73%
I'll
73%
made
73%
use
73%
used
73%
your
73%
away
64%
into
64%
new
64%
nothing
64%
pain
64%
right
64%
say
64%
seem
64%
someone
64%
That
64%
more
55%
Without
55%
bear
45%
close
45%
door
45%
end
45%
fade
45%
kiss
45%
lonely
45%
morning
45%
really
45%
remembering
45%
something
45%
start
45%
Things
45%
thought
45%
first
36%
goodnight
36%
pretending
36%
sun
36%
walk
36%
watched
36%
summer
27%
along
18%
still
18%
No matching quizzes found
Score Distribution
Percent of People with Each Score
Percentile by Number Answered
Your Score History
You have not taken this quiz